000 00254nam a2200109Ia 4500
008 220120s9999||||xx |||||||||||||| ||und||
100 _aJain R.K
245 0 _aEngineering metrology
260 _aKhanna publishers
_c2000
300 _b125
650 _aVHDL
999 _c137242
_d137242